000 00881nam a2200277Ia 4500
003 OSt
005 20220926020455.0
006 a|||||r|||| 00| 0
007 ta
008 220923b |||||||| |||| 00| 0 eng d
020 _a9781138946736
037 _cGeneral Book
040 _aRTL
_cRTL
_beng
041 _2eng
_aeng
082 _aU47:(W), Q9
100 _aCLOKE Paul
245 0 _aGeographies of postsecularity
_b Re-envisioning politics, subjectivity and ethics
260 _aNew York
_bRoutledge
_c2019
300 _avii,240p
_ccm.
490 _aInternational Perspectives on Geographical Education
500 _aBibliography chapterwise
700 _a BAKER Christopher
_9324604
700 _a SUTHERLAND Callum
_9324605
942 _hU47:(W), Q9
_cGB
_2CC
999 _c634374
_d634374